| 000 | 01145cac a2200349 i 4500 | ||
|---|---|---|---|
| 003 | EG-GICUC | ||
| 005 | 20260121101502.0 | ||
| 008 | 131025s2014 enk frb 001 0 eng d | ||
| 020 |
_a9780415676953 _qhardback |
||
| 020 |
_a9780415676960 _qpbk. |
||
| 020 | _z9781315798080 (ebook) | ||
| 040 |
_aDLC _beng _cDLC _erda _dDLC _dEG-GICUC |
||
| 043 | _ae-uk--- | ||
| 050 | 0 | 0 |
_aHV9960.G7 _bH63 2014 |
| 082 | 0 | 0 |
_a343.3 _221 |
| 092 | 0 | 4 | _221 |
| 099 | _aLaw 10 2014 | ||
| 100 | 1 | _aHobbs, Sue. | |
| 245 | 1 | 4 |
_aThe making of criminal justice policy / _cSue Hobbs and Christopher Hamerton. |
| 264 | 1 |
_aAbingdon, Oxon : _bRoutledge, Taylor & Francis Group, _c2014. |
|
| 300 |
_ax, 185 pages ; _c25 cm. |
||
| 336 |
_atext _2rdacontent |
||
| 337 |
_aunmediated _2rdamedia |
||
| 338 |
_avolume _2rdacarrier |
||
| 504 | _aIncludes bibliographical references and index. | ||
| 650 | 0 |
_aCriminal justice, Administration of _zGreat Britain. |
|
| 650 | 0 |
_aCrime _xGovernment policy _zGreat Britain. |
|
| 700 | 1 | _aHamerton, Christopher. | |
| 856 | 4 | 0 | _uhttps://fll.law.cu.edu.eg/fulltext/bks/ENGB10-00039.pdf |
| 905 | _a10 | ||
| 942 |
_2ddc _cBK _e21 _n0 |
||
| 999 |
_c50401 _d50401 |
||